000 00690nam a22002177a 4500
003 OSt
005 20251124155436.0
008 251124b |||||||| |||| 00| 0 eng d
020 _a971-08-6681-8.
040 _aDWCL-Main lib.
_cOC
082 _aFil. 808 M267t 2007
100 _aManalo, Paterna Estoque
245 _aTechnical writing and report writing/
_cPaterna Estoque Manalo
260 _aMandaluyong City :
_bNational Book Store,
_c c2007.
300 _a205 p. :
_b ill. ;
_c25 cm.
504 _aIncludes bibliographical references.
650 _a1. Report writing.
650 _a2. Technical writing.
700 _aFermin, Virginia E.
942 _2ddc
_cBK - FIL
_hFil.
_n0
999 _c6127
_d6127